[Event "GER-chT U10"]
[Site "Magdeburg"]
[Date "2014.12.28"]
[Round "5.1"]
[White "Ho, Ngoc Hai Dang"]
[Black "Nguyen, Frank"]
[Result "1-0"]
[WhiteElo "974"]
[BlackElo "600"]
[PlyCount "65"]
[EventDate "2014.12.27"]
[EventType "team-swiss"]
[EventRounds "7"]
[EventCountry "GER"]
[SourceTitle "EXT 2016"]
[Source "ChessBase"]
[SourceDate "2015.10.08"]
[SourceVersion "1"]
[SourceVersionDate "2015.10.08"]
[SourceQuality "1"]
[WhiteTeam "Berlin Schachunion II"]
[BlackTeam "Paderborn II"]
[WhiteTeamCountry "GER"]
[BlackTeamCountry "GER"]

1. d4 d5 2. c4 dxc4 3. e4 Nf6 4. Nc3 Bg4 5. f3 Bh5 6. Bxc4 Nc6 7. Nge2 g5 8. Bxg5 Rg8 9. Bxf6 exf6 10. Nf4 Bg6 11. Qe2 Qe7 12. 0-0-0 0-0-0 13. d5 Na5 14. a3 Nxc4 15. Qxc4 Qd6 16. Nfe2 f5 17. Rd2 fxe4 18. fxe4 Be7 19. Rhd1 Bg5 20. Nb5 Qc6 21. Nxa7+ Kd7 22. dxc6+ Ke8 23. cxb7 Bxd2+ 24. Rxd2 Rb8 25. Qxc7 Kf8 26. Qxb8+ Kg7 27. Qxg8+ Kxg8 28. b8Q+ Kg7 29. Qe5+ f6 30. Rd7+ Bf7 31. Qg3+ Kf8 32. Rd8+ Ke7 33. Qd6# 1-0